[Event "32.Gold-Cup"]
[Site "Meran"]
[Date "2004.04.29"]
[Round "7"]
[White "Boeven, Manfred"]
[Black "Krieger, Hermann"]
[Result "0-1"]
[WhiteElo "2153"]
[BlackElo "2267"]
[PlyCount "116"]
[EventDate "2004.??.??"]

1. d4 f5 2. Nc3 Nf6 3. f3 d5 4. Bg5 c6 5. Qd3 b5 6. a3 e6 7. e4 dxe4 8. fxe4
Be7 9. e5 Nd5 10. Bxe7 Nxe7 11. Nh3 O-O 12. Be2 a5 13. O-O Qb6 14. Bf3 Ra7 15.
Nf4 Rd8 16. Nce2 c5 17. d5 Nbc6 18. Qe3 exd5 19. c3 d4 20. cxd4 cxd4 21. Qb3+
Kh8 22. Nd3 a4 23. Qa2 Nxe5 24. Nxe5 Be6 25. Qb1 d3+ 26. Kh1 dxe2 27. Bxe2 Rd2
28. Bf3 Rc7 29. Rc1 g6 30. Rxc7 Qxc7 31. Qe1 Qd6 32. h4 Kg7 33. Rc1 f4 34. h5
g5 35. Bg4 Rd5 36. Nc4 bxc4 37. Qxe6 Qxe6 38. Bxe6 Re5 39. Bxc4 Nf5 40. Bd3
Ng3+ 41. Kg1 Ne2+ 42. Bxe2 Rxe2 43. Rc6 Rxb2 44. Ra6 Rb3 45. Rxa4 Kh6 46. Ra7
Rb1+ 47. Kf2 g4 48. Rf7 Rb2+ 49. Kf1 Kg5 50. Rxh7 Kh4 51. Rc7 Kxh5 52. Rh7+ Kg5
53. Rh8 Ra2 54. Rg8+ Kh4 55. Rb8 Rxa3 56. Rb1 Kg3 57. Rc1 Ra2 58. Rc4 Rf2+ 0-1

[Event "32.Gold-Cup"]
[Site "Meran"]
[Date "2004.04.29"]
[Round "7"]
[White "Gerhards, Walter"]
[Black "Muscolino, Attilio"]
[Result "1-0"]
[WhiteElo "2002"]
[BlackElo "2122"]
[PlyCount "113"]
[EventDate "2004.??.??"]

1. e4 {0} 1... c5 2. Nc3 Nc6 3. g3 g6 4. Bg2 Bg7 5. d3 d6 6. Be3 Nf6 7. h3 Bd7
8. Qd2 h6 9. Nge2 Qc8 10. O-O-O b5 11. f4 Qa6 12. e5 b4 13. exf6 bxc3 14. Nxc3
Bxf6 15. Nd5 Qxa2 16. Nxf6+ exf6 17. Qc3 Rb8 18. Qxf6 Qa1+ 19. Kd2 Qxb2 20.
Qxd6 Nd4 21. Bxd4 cxd4 22. Qe5+ Be6 23. Bc6+ Ke7 24. Qc7+ Kf8 25. Ke2 Kg7 26.
Kf3 Qxc2 27. Qe5+ Kh7 28. Be4 Rb2 29. Bxg6+ fxg6 30. Qxe6 Qg2+ 31. Kg4 Rg8 32.
Rhe1 Rg7 33. Qe4 Qf2 34. Rc1 Rb5 35. Rc8 Rf5 36. Re2 Qf1 37. Re8 Rh5 38. h4 Rf5
39. Qg2 Qxg2 40. Rxg2 Rd7 41. Rge2 Rff7 42. R2e4 a5 43. Ra8 Rd5 44. Ra6 Kg7 45.
Ree6 Rc7 46. Rxg6+ Kf7 47. Rxh6 Ke8 48. Rh8+ Kd7 49. Rh7+ Kc8 50. Rxc7+ Kxc7
51. h5 Kb7 52. Re6 a4 53. h6 a3 54. Re2 Kc6 55. h7 Rd8 56. Kh5 Kb5 57. g4 1-0

[Event "32.Gold-Cup"]
[Site "Meran"]
[Date "2004.04.29"]
[Round "7"]
[White "Wulf, Adalbert"]
[Black "Otto, Matthias"]
[Result "1/2-1/2"]
[WhiteElo "2007"]
[BlackElo "1734"]
[PlyCount "37"]
[EventDate "2004.??.??"]

1. d4 Nf6 2. Nf3 c5 3. d5 e6 4. c4 exd5 5. cxd5 d6 6. Nc3 g6 7. e4 Bg7 8. Bd3
O-O 9. O-O Re8 10. Bg5 a6 11. a4 Nbd7 12. h3 Qc7 13. Bc2 Rb8 14. a5 b5 15. axb6
Qxb6 16. Rb1 a5 17. Re1 Ba6 18. b3 Qc7 19. Na4 1/2-1/2

[Event "32.Gold-Cup"]
[Site "Meran"]
[Date "2004.04.29"]
[Round "7"]
[White "Kreie, Günter"]
[Black "Meineke, Lars"]
[Result "0-1"]
[WhiteElo "1888"]
[BlackElo "1835"]
[PlyCount "120"]
[EventDate "2004.??.??"]

1. e4 e6 2. d4 d5 3. Nd2 dxe4 4. Nxe4 Nd7 5. Bd3 Be7 6. Nf3 Ngf6 7. c4 O-O 8.
O-O Nxe4 9. Bxe4 Nf6 10. Bc2 c5 11. Be3 Ng4 12. Qd3 g6 13. Bf4 cxd4 14. h3 e5
15. hxg4 exf4 16. Qe4 Bxg4 17. Qxf4 Bxf3 18. Qxf3 b6 19. Be4 Rc8 20. Bd5 Bf6
21. Rad1 Bg7 22. Rd3 Qf6 23. Qg4 Rce8 24. b3 h5 25. Qg3 Kh7 26. Rf3 Qe7 27. Qf4
f5 28. Qd2 Qe2 29. Rd3 Re7 30. Bf3 Qxd2 31. Rxd2 Rfe8 32. b4 Rc8 33. Bd5 h4 34.
Rfd1 g5 35. Kf1 g4 36. Rd3 Kg6 37. a4 f4 38. f3 g3 39. Rc1 Kf5 40. Rcd1 Re3 41.
Rxe3 fxe3 42. Ke2 Ke5 43. Rf1 Bh6 44. Kd3 Bg5 45. Rh1 Rh8 46. Ke2 Be7 47. b5
Kd6 48. Be4 Kc5 49. Bd3 Bd6 50. Kf1 Kb4 51. Ke2 Bf4 52. Kf1 Kxa4 53. Ke2 Kb4
54. Rb1+ Kc5 55. Rh1 Bg5 56. Kf1 Re8 57. Ke2 Re7 58. f4 Bf6 59. Rg1 Re8 60. Rh1
Rf8 0-1

[Event "32.Gold-Cup"]
[Site "Meran"]
[Date "2004.04.29"]
[Round "7"]
[White "Lücke, Volkmar"]
[Black "Kelchner, Hans"]
[Result "1-0"]
[WhiteElo "2001"]
[BlackElo "2147"]
[PlyCount "73"]
[EventDate "2004.??.??"]

1. Nf3 d5 2. g3 c5 3. Bg2 Nc6 4. d4 e6 5. O-O cxd4 6. Nxd4 Bc5 7. Nxc6 bxc6 8.
c4 Nf6 9. Qc2 Qe7 10. Bg5 Bd7 11. e4 dxe4 12. Bxe4 h6 13. Bxf6 gxf6 14. Nc3 h5
15. Rad1 f5 16. Bxf5 exf5 17. Rfe1 Be6 18. Nd5 cxd5 19. cxd5 O-O 20. dxe6 fxe6
21. Qe2 Rae8 22. Qxh5 Kg7 23. Rd3 Rh8 24. Qd1 Qf6 25. Qb3 Kf7 26. Qc4 Bb6 27.
Rf3 Rc8 28. Qb3 Rhd8 29. g4 Rc5 30. h3 Rd2 31. Qa4 Rcd5 32. Qc6 Rd6 33. Qc4
Rxf2 34. Rxf2 fxg4 35. Ref1 Kg6 36. Qxg4+ Kf7 37. Kg2 1-0

[Event "32.Gold-Cup"]
[Site "Meran"]
[Date "2004.04.29"]
[Round "7"]
[White "Perk, Egbert"]
[Black "Laux, Dieter"]
[Result "1-0"]
[WhiteElo "1995"]
[BlackElo "1369"]
[PlyCount "89"]
[EventDate "2004.??.??"]

1. d4 Nf6 2. e3 d5 3. Bd3 e6 4. Nd2 c5 5. c3 Nc6 6. f4 Bd6 7. Ngf3 Ng4 8. Qe2
c4 9. Bc2 f5 10. O-O O-O 11. a4 a5 12. b3 cxb3 13. Bxb3 Qc7 14. Bb2 b6 15. Rfe1
Rf6 16. h3 Nh6 17. Rac1 Ba6 18. Qf2 Qd7 19. Ne5 Bxe5 20. dxe5 Rg6 21. Nf3 Nf7
22. Red1 Qb7 23. Nd4 Nxd4 24. cxd4 Nd8 25. Rc3 Rc8 26. Rxc8 Qxc8 27. Rc1 Qd7
28. Qc2 Kf7 29. Ba3 Ke8 30. Bd6 Nf7 31. Bc7 Qc8 32. Qc6+ Qd7 33. Qa8+ Qc8 34.
Qxc8+ Bxc8 35. Bxb6 Bd7 36. Bxa5 Nd8 37. Bb6 Nc6 38. a5 Nb4 39. Ra1 Na6 40. Bd1
Rh6 41. Be2 Bc8 42. Rc1 Bb7 43. Bb5+ Kf7 44. Bxa6 Bxa6 45. Rc6 1-0

[Event "32.Gold-Cup"]
[Site "Meran"]
[Date "2004.04.29"]
[Round "7"]
[White "Gestrich, Wolfgang"]
[Black "Josting, Friedel"]
[Result "0-1"]
[WhiteElo "1413"]
[BlackElo "2035"]
[PlyCount "64"]
[EventDate "2004.??.??"]

1. c4 c5 2. Nc3 Nc6 3. g3 g6 4. Bg2 Bg7 5. d3 d6 6. e4 Nf6 7. Nge2 Rb8 8. O-O
O-O 9. Rb1 a6 10. a3 b5 11. b3 Bg4 12. f3 Bd7 13. Bd2 Qc8 14. g4 h5 15. h3 b4
16. axb4 Nxb4 17. Bg5 Re8 18. Qd2 Kh7 19. Kh2 e6 20. Bxf6 Bxf6 21. gxh5 gxh5
22. Ng3 Rg8 23. Nxh5 Qd8 24. Nxf6+ Qxf6 25. Ne2 Rg7 26. Rg1 Rbg8 27. Rbf1 e5
28. Nc1 Qh4 29. Qf2 Rg3 30. Kh1 Bxh3 31. Qxg3 Qxg3 32. Ne2 Bxg2+ 0-1

[Event "32.Gold-Cup"]
[Site "Meran"]
[Date "2004.04.29"]
[Round "7"]
[White "Gstalter, Herbert"]
[Black "Sieghardt, Walter"]
[Result "1/2-1/2"]
[WhiteElo "1699"]
[BlackElo "1542"]
[PlyCount "66"]
[EventDate "2004.??.??"]

1. c4 {0} 1... c5 2. Nc3 Nc6 3. g3 d6 4. Bg2 Bd7 5. Nf3 Nf6 6. O-O e5 7. d3 h6
8. Bd2 Be7 9. a3 Rb8 10. Rb1 O-O 11. b4 b6 12. b5 Nd4 13. e3 Ne6 14. h4 Re8 15.
Nd5 Nxd5 16. cxd5 Nf8 17. e4 f5 18. Kh2 Nh7 19. Bh3 Rf8 20. Kg2 Qe8 21. a4 Qg6
22. Qe2 Nf6 23. Nh2 Rb7 24. f3 Nh5 25. g4 f4 26. Be1 Bc8 27. Rg1 Nf6 28. Kh1
Nh7 29. Qg2 Qf7 30. Rb2 g5 31. h5 Bd8 32. Nf1 Nf6 33. Nd2 Bd7 1/2-1/2

[Event "32.Gold-Cup"]
[Site "Meran"]
[Date "2004.04.30"]
[Round "8"]
[White "Krieger, Hermann"]
[Black "Bigott, Martin"]
[Result "1-0"]
[WhiteElo "2267"]
[BlackElo "2111"]
[PlyCount "77"]
[EventDate "2004.??.??"]

1. e4 c5 2. Nf3 d6 3. d4 cxd4 4. Nxd4 Nf6 5. Nc3 a6 6. f4 h5 7. Bd3 Nc6 8. Nf3
Bg4 9. Be3 e5 10. Qd2 Bxf3 11. gxf3 d5 12. exd5 Nxd5 13. Nxd5 Qxd5 14. Be4
Qxd2+ 15. Bxd2 exf4 16. Bxf4 Be7 17. O-O-O g5 18. Be3 Rd8 19. Rde1 f6 20. h4
Kf7 21. hxg5 fxg5 22. Reg1 Rd6 23. Bxg5 Bxg5+ 24. Rxg5 h4 25. Rh2 b6 26. Rg4
Nd4 27. c3 Ne6 28. Rgxh4 Rhd8 29. Rg2 Kf6 30. f4 Nc5 31. Rg6+ Kf7 32. Rh7+ Kf8
33. Rh8+ Kf7 34. Rxd8 Rxd8 35. Bc2 Ne6 36. f5 Nf4 37. Rxb6 Ne2+ 38. Kb1 Rh8 39.
Bd3 1-0

[Event "32.Gold-Cup"]
[Site "Meran"]
[Date "2004.04.30"]
[Round "8"]
[White "Meineke, Lars"]
[Black "Asmundsson, Ingvar"]
[Result "0-1"]
[WhiteElo "1835"]
[BlackElo "2311"]
[PlyCount "92"]
[EventDate "2004.??.??"]

1. Nf3 d5 2. b3 c5 3. Bb2 Nc6 4. e3 a6 5. d4 Nf6 6. Bd3 Bg4 7. Nbd2 e6 8. h3
Bh5 9. Qe2 Rc8 10. a3 Be7 11. O-O O-O 12. g4 Bg6 13. Ne5 Nxe5 14. dxe5 Bxd3 15.
cxd3 Nd7 16. f4 f6 17. Nf3 Qb6 18. Rab1 f5 19. Ba1 Qa7 20. Kg2 b5 21. gxf5 Rxf5
22. h4 d4 23. Ng5 Bxg5 24. hxg5 dxe3 25. Qxe3 Nb6 26. Rf3 Nd5 27. Qe4 Qf7 28.
Kg3 Rf8 29. Rh1 Qg6 30. Rh4 h6 31. Kh2 Qf7 32. g6 Qxg6 33. Rg3 Qf7 34. Rxh6
Rh5+ 35. Rxh5 Qxh5+ 36. Rh3 Qf5 37. Qxf5 Rxf5 38. Rf3 Rxf4 39. Rxf4 Nxf4 40. d4
c4 41. bxc4 bxc4 42. Kg3 Nd5 43. Kf3 c3 44. Ke4 a5 45. a4 Kf7 46. Kf3 Kg6 0-1

[Event "32.Gold-Cup"]
[Site "Meran"]
[Date "2004.04.30"]
[Round "8"]
[White "Otto, Matthias"]
[Black "Kelchner, Hans"]
[Result "1/2-1/2"]
[WhiteElo "1734"]
[BlackElo "2147"]
[PlyCount "90"]
[EventDate "2004.??.??"]

1. e4 g6 2. Nf3 Bg7 3. g3 d6 4. Bg2 c5 5. d3 Nc6 6. Nbd2 a6 7. O-O e6 8. c3 Rb8
9. Re1 Nge7 10. Nf1 O-O 11. h4 h5 12. Be3 b5 13. Qd2 e5 14. Bh6 f6 15. Bxg7
Kxg7 16. Ne3 Be6 17. d4 Bg4 18. d5 Na7 19. Nxg4 hxg4 20. Nh2 Qd7 21. f3 gxf3
22. Bxf3 Rh8 23. Bg4 Qb7 24. Rf1 Rbf8 25. Rf2 Ng8 26. Raf1 Nc8 27. Be6 Nh6 28.
g4 Ng8 29. g5 Nce7 30. gxf6+ Rxf6 31. Rxf6 Nxf6 32. Qg5 Rf8 33. Rxf6 Rxf6 34.
Ng4 Rxe6 35. Qh6+ Kf7 36. Qh7+ Ke8 37. dxe6 Kd8 38. Nf6 Kc8 39. Qf7 Qc7 40. Nd7
Qd8 41. Nb6+ Kb8 42. Nd5 Nxd5 43. exd5 Qxh4 44. Qxg6 Qe1+ 45. Kg2 Qe2+ 1/2-1/2

[Event "32.Gold-Cup"]
[Site "Meran"]
[Date "2004.04.30"]
[Round "8"]
[White "Perk, Egbert"]
[Black "Boeven, Manfred"]
[Result "1/2-1/2"]
[WhiteElo "1995"]
[BlackElo "2153"]
[PlyCount "28"]
[EventDate "2004.??.??"]

1. d4 d5 2. c4 Bf5 3. Nc3 e6 4. Nf3 c6 5. e3 Nd7 6. Be2 Ngf6 7. O-O Bd6 8. b3
Ne4 9. Bb2 h5 10. Nxe4 dxe4 11. Ne5 Qc7 12. Nxd7 Qxd7 13. c5 Bc7 14. f4 Qe7
1/2-1/2

[Event "32.Gold-Cup"]
[Site "Meran"]
[Date "2004.04.30"]
[Round "8"]
[White "Wulf, Adalbert"]
[Black "Kreie, Günter"]
[Result "0-1"]
[WhiteElo "2007"]
[BlackElo "1888"]
[PlyCount "66"]
[EventDate "2004.??.??"]

1. d4 Nf6 2. Nf3 e6 3. Bg5 c5 4. e3 Be7 5. dxc5 Qa5+ 6. Nbd2 Qxc5 7. c3 Qc7 8.
Be2 d5 9. Bf4 Qd8 10. h3 Nc6 11. O-O O-O 12. Bb5 Bd7 13. Qe2 Rc8 14. Rfc1 Ne4
15. Nxe4 dxe4 16. Ne5 Nxe5 17. Bxe5 Bxb5 18. Qxb5 Rc5 19. Qxb7 Rxe5 20. Qxa7
Rd5 21. Qa4 f5 22. c4 Rd3 23. c5 Bf6 24. Rab1 f4 25. Qxe4 fxe3 26. Qxe6+ Kh8
27. fxe3 Rxe3 28. Qg4 Qc7 29. c6 Rg3 30. Qe2 Bd4+ 31. Kh1 Ba7 32. Qe6 Bb8 33.
Rf1 Rgf3 0-1

[Event "32.Gold-Cup"]
[Site "Meran"]
[Date "2004.04.30"]
[Round "8"]
[White "Lücke, Volkmar"]
[Black "Gerhards, Walter"]
[Result "1-0"]
[WhiteElo "2001"]
[BlackElo "2002"]
[PlyCount "69"]
[EventDate "2004.??.??"]

1. Nf3 Nf6 2. g3 c5 3. Bg2 Nc6 4. d4 e6 5. O-O Be7 6. dxc5 O-O 7. a3 a5 8. Bg5
Ne4 9. Bxe7 Qxe7 10. Nbd2 Nxc5 11. Nc4 b5 12. Nb6 Rb8 13. Nxc8 Rfxc8 14. c3 d5
15. Nd4 a4 16. Re1 Na5 17. e4 dxe4 18. Bxe4 Nxe4 19. Rxe4 Rd8 20. Qe2 Rd5 21.
Re1 h6 22. Re5 Qc5 23. Rxd5 Qxd5 24. Qe5 Rd8 25. Qc7 Nc4 26. Nc6 Rd7 27. Ne7+
Rxe7 28. Qxe7 Nd2 29. Re3 Nf3+ 30. Kf1 Nxh2+ 31. Ke2 Qf5 32. Qd8+ Kh7 33. Qd3
Ng4 34. Qxf5+ exf5 35. Re7 1-0

[Event "32.Gold-Cup"]
[Site "Meran"]
[Date "2004.04.30"]
[Round "8"]
[White "Muscolino, Attilio"]
[Black "Gstalter, Herbert"]
[Result "1/2-1/2"]
[WhiteElo "2122"]
[BlackElo "1699"]
[PlyCount "42"]
[EventDate "2004.??.??"]

1. e4 e6 2. d4 d5 3. e5 c5 4. c3 Qb6 5. Nf3 Bd7 6. Bd3 Bb5 7. O-O Bxd3 8. Qxd3
Nc6 9. dxc5 Bxc5 10. b4 Bf8 11. a4 Rc8 12. Bf4 h5 13. Nbd2 Nge7 14. h4 Nf5 15.
Nb3 Qc7 16. g3 Be7 17. Rfe1 O-O 18. Rac1 Rfd8 19. Bd2 b6 20. Qb1 Qb7 21. Nbd4
Ncxd4 1/2-1/2

[Event "32.Gold-Cup"]
[Site "Meran"]
[Date "2004.04.30"]
[Round "8"]
[White "Fanenbruck, Günter"]
[Black "Josting, Friedel"]
[Result "0-1"]
[WhiteElo "1541"]
[BlackElo "2035"]
[PlyCount "52"]
[EventDate "2004.??.??"]

1. e4 c5 2. Nf3 e6 3. c3 d5 4. exd5 Qxd5 5. d4 Nf6 6. Bd3 Be7 7. dxc5 Qxc5 8.
Be3 Qc7 9. O-O O-O 10. Qe2 Nc6 11. Nbd2 Rd8 12. Nb3 b6 13. Nbd4 Nxd4 14. cxd4
Bb7 15. Rac1 Qd6 16. Ne5 g6 17. Ba6 Bd5 18. Rc2 Be4 19. Bd3 Bxd3 20. Qxd3 Qxe5
21. dxe5 Rxd3 22. exf6 Bxf6 23. Rfc1 Rad8 24. Rc8 Bxb2 25. Rxd8+ Rxd8 26. Bg5
f6 0-1

[Event "32.Gold-Cup"]
[Site "Meran"]
[Date "2004.04.30"]
[Round "8"]
[White "Schweitzer, Paul"]
[Black "Gestrich, Wolfgang"]
[Result "1-0"]
[WhiteElo "1551"]
[BlackElo "1413"]
[PlyCount "69"]
[EventDate "2004.??.??"]

1. d4 Nf6 2. b3 d5 3. Bb2 e6 4. Nf3 Nc6 5. e3 a6 6. Be2 Be7 7. Ne5 Nxe5 8. dxe5
Nd7 9. O-O Nb6 10. Nd2 f5 11. f4 Bd7 12. Rf3 Bc6 13. Rh3 g6 14. Nf3 Qd7 15. Bd4
h5 16. c4 dxc4 17. bxc4 Ba4 18. Qf1 c5 19. Bc3 a5 20. Rb1 Nc8 21. Rb2 b6 22.
Qb1 Bc6 23. Rd2 Qc7 24. Rd6 Rg8 25. Rxe6 Kf7 26. Rxc6 Qxc6 27. e6+ Qxe6 28.
Ne5+ Kf8 29. Bf3 Ra7 30. Bd5 Qd6 31. Nc6 Ra8 32. Be5 Qd7 33. Nxe7 Qxe7 34. Bxa8
Nd6 35. Qxb6 1-0

[Event "32.Gold-Cup"]
[Site "Meran"]
[Date "2004.04.30"]
[Round "8"]
[White "Laux, Dieter"]
[Black "Sieghardt, Walter"]
[Result "0-1"]
[WhiteElo "1369"]
[BlackElo "1542"]
[PlyCount "54"]
[EventDate "2004.??.??"]

1. e4 e6 2. d4 d5 3. e5 c5 4. c3 Qb6 5. Nf3 Nc6 6. h4 cxd4 7. cxd4 Bb4+ 8. Nc3
Bd7 9. Rb1 Bxc3+ 10. Ke2 Bxd4 11. Be3 Bxe3 12. fxe3 Nge7 13. Rh3 Nf5 14. Qd2
O-O 15. g4 Nh6 16. Rg3 Qd8 17. Rd1 f5 18. g5 Ng4 19. Qc3 Qb6 20. Bh3 Rac8 21.
Bxg4 fxg4 22. Rxg4 Be8 23. Rf4 Bh5 24. b3 Rxf4 25. exf4 Ne7 26. Qd3 Nf5 27. Rh1
Ng3+ 0-1

[Event "32.Gold-Cup"]
[Site "Meran"]
[Date "2000.01.01"]
[Round "9"]
[White "Krieger, Hermann"]
[Black "Lücke, Volkmar"]
[Result "1/2-1/2"]
[WhiteElo "2267"]
[BlackElo "2001"]
[PlyCount "55"]
[EventDate "2000.??.??"]

1. e4 e6 2. d4 d5 3. Nd2 dxe4 4. Nxe4 Nd7 5. Nf3 Ngf6 6. Nxf6+ Nxf6 7. c3 Be7
8. Ne5 O-O 9. Bd3 c5 10. O-O cxd4 11. cxd4 Bd7 12. Qe2 Rc8 13. Rd1 Bc6 14. Nxc6
Rxc6 15. Bf4 Nd5 16. Be5 Bf6 17. Be4 g6 18. Qf3 Bg7 19. Qd3 Qd7 20. Bxg7 Kxg7
21. Rd2 Rfc8 22. g3 Rc1+ 23. Rxc1 Rxc1+ 24. Kg2 Rc6 25. f4 Rd6 26. Bxd5 Rxd5
27. Qe4 Qa4 28. b3 1/2-1/2

[Event "32.Gold-Cup"]
[Site "Meran"]
[Date "2000.01.01"]
[Round "9"]
[White "Asmundsson, Ingvar"]
[Black "Otto, Matthias"]
[Result "1-0"]
[WhiteElo "2311"]
[BlackElo "1734"]
[PlyCount "39"]
[EventDate "2000.??.??"]

1. e4 c5 2. Nf3 e6 3. c3 d5 4. e5 g6 5. d4 cxd4 6. cxd4 Bg7 7. Nc3 Ne7 8. Bf4
a6 9. Bd3 O-O 10. h4 Nbc6 11. Qd2 Nf5 12. Bxf5 exf5 13. Bh6 f6 14. h5 Rf7 15.
hxg6 hxg6 16. Bxg7 Rxg7 17. O-O-O Be6 18. Qh6 Rc8 19. exf6 Qxf6 20. Ng5 1-0

[Event "32.Gold-Cup"]
[Site "Meran"]
[Date "2000.01.01"]
[Round "9"]
[White "Kelchner, Hans"]
[Black "Boeven, Manfred"]
[Result "1-0"]
[WhiteElo "2147"]
[BlackElo "2153"]
[PlyCount "49"]
[EventDate "2000.??.??"]

1. d4 d5 2. c4 Bf5 3. Nc3 e6 4. cxd5 exd5 5. Qb3 Nc6 6. Nf3 Nf6 7. Bg5 Na5 8.
Qd1 c6 9. a3 Nc4 10. e4 dxe4 11. Bxc4 exf3 12. Qxf3 Be6 13. Qe2 Qe7 14. O-O
O-O-O 15. Rfe1 h6 16. Bxe6+ Qxe6 17. Qxe6+ fxe6 18. Bxf6 gxf6 19. Rxe6 Rxd4 20.
Rxf6 Rd2 21. Rb1 Bg7 22. Rf7 Bd4 23. Ne4 Rxb2 24. Rxb2 Bxb2 25. Nd6+ 1-0

[Event "32.Gold-Cup"]
[Site "Meran"]
[Date "2000.01.01"]
[Round "9"]
[White "Bigott, Martin"]
[Black "Gerhards, Walter"]
[Result "0-1"]
[WhiteElo "2111"]
[BlackElo "2002"]
[PlyCount "92"]
[EventDate "2000.??.??"]

1. d4 Nf6 2. c4 e5 3. dxe5 Ng4 4. e4 Nxe5 5. Nf3 Nbc6 6. Be2 Bb4+ 7. Bd2 Qe7 8.
Nc3 Nxf3+ 9. Bxf3 Ne5 10. Be2 c6 11. O-O a5 12. a3 Bc5 13. Na4 O-O 14. Nxc5
Qxc5 15. Be3 Qe7 16. c5 Re8 17. Qd4 Ng6 18. Bd3 Nf8 19. b4 Ne6 20. Qe5 b5 21.
Bc2 Bb7 22. Rfd1 f6 23. Qc3 axb4 24. axb4 Kh8 25. Qd2 Rxa1 26. Rxa1 Ra8 27.
Rxa8+ Bxa8 28. f4 Kg8 29. Bb3 Kf8 30. e5 Ke8 31. Qa2 Bb7 32. Kf2 fxe5 33. Bxe6
exf4 34. Bxd7+ Kxd7 35. Qd2+ Ke8 36. Bxf4 Bc8 37. Bg5 Qf7+ 38. Kg3 Bd7 39. h3
h6 40. Bf4 Kf8 41. Kh2 Kg8 42. g4 Be6 43. Kg3 Bd5 44. Qc3 g5 45. Be5 Qf1 46.
Qd2 Qg1+ 0-1

[Event "32.Gold-Cup"]
[Site "Meran"]
[Date "2000.01.01"]
[Round "9"]
[White "Gstalter, Herbert"]
[Black "Meineke, Lars"]
[Result "0-1"]
[WhiteElo "1699"]
[BlackElo "1835"]
[PlyCount "84"]
[EventDate "2000.??.??"]

1. Nf3 {0} 1... g6 2. d4 Bg7 3. g3 d5 4. Bg2 c6 5. O-O Bg4 6. Bf4 Nd7 7. c3
Bxf3 8. Bxf3 Ngf6 9. Nd2 O-O 10. e4 dxe4 11. Nxe4 Nxe4 12. Bxe4 Nf6 13. Bf3 Nd5
14. Bg5 h6 15. Bd2 Kh7 16. Re1 Re8 17. Qb3 Qd7 18. Rad1 Rad8 19. Kg2 b6 20. h4
e6 21. Qc2 Qc7 22. h5 e5 23. hxg6+ fxg6 24. dxe5 Bxe5 25. Rh1 Bg7 26. Bxh6 Bxh6
27. Rd4 Kg7 28. Rdh4 Rh8 29. Be4 Qf7 30. c4 Nf6 31. Bxc6 g5 32. R4h2 Rc8 33.
Bb5 Qg6 34. Qxg6+ Kxg6 35. Re1 Rcd8 36. Re7 Rh7 37. Re2 Bf8 38. Rxh7 Kxh7 39.
Re6 Kg6 40. a4 Rd2 41. a5 Bc5 42. Be8+ Kf5 0-1

[Event "32.Gold-Cup"]
[Site "Meran"]
[Date "2000.01.01"]
[Round "9"]
[White "Kreie, Günter"]
[Black "Fanenbruck, Günter"]
[Result "1-0"]
[WhiteElo "1888"]
[BlackElo "1541"]
[PlyCount "39"]
[EventDate "2000.??.??"]

1. e4 d6 2. d4 e5 3. Bc4 Nd7 4. Nc3 c6 5. Nf3 Be7 6. O-O Ngf6 7. Bb3 O-O 8. h3
Qc7 9. Qe2 h6 10. a3 a6 11. Be3 b6 12. Rad1 Bb7 13. Nh4 Nh7 14. Nf5 Bg5 15.
dxe5 Bxe3 16. exd6 Bxf2+ 17. Qxf2 Qd8 18. Rd3 Ne5 19. Rg3 Ng6 20. Rxg6 1-0

[Event "32.Gold-Cup"]
[Site "Meran"]
[Date "2000.01.01"]
[Round "9"]
[White "Sieghardt, Walter"]
[Black "Muscolino, Attilio"]
[Result "0-1"]
[WhiteElo "1542"]
[BlackElo "2122"]
[PlyCount "88"]
[EventDate "2000.??.??"]

1. d4 Nf6 2. c4 g6 3. Nc3 Bg7 4. e4 d6 5. Nf3 O-O 6. Be2 Nbd7 7. O-O e5 8. d5
Nc5 9. Qc2 a5 10. h3 Nh5 11. Be3 b6 12. Rad1 Bd7 13. b3 Qe8 14. Nb5 Rc8 15.
Bxc5 dxc5 16. Nc3 Nf4 17. Bd3 Bf6 18. Rfe1 h5 19. Bf1 g5 20. Nh2 g4 21. hxg4
hxg4 22. Re3 Bg7 23. g3 Nh5 24. Bg2 Bh6 25. Ree1 f6 26. Qe2 Qg6 27. Nb5 Rf7 28.
Na7 Ra8 29. Nc6 Bf8 30. Rf1 Bd6 31. Rd3 Rg7 32. Qe3 Re8 33. Rfd1 Kf7 34. Rf1
Rh8 35. f4 gxf3 36. Rxf3 Nf4 37. Rd2 Nh3+ 38. Bxh3 Rxh3 39. Qf2 Rxg3+ 40. Rxg3
Qxg3+ 41. Qxg3 Rxg3+ 42. Kf2 Rh3 43. Nf1 f5 44. exf5 Bxf5 0-1

[Event "32.Gold-Cup"]
[Site "Meran"]
[Date "2000.01.01"]
[Round "9"]
[White "Laux, Dieter"]
[Black "Schweitzer, Paul"]
[Result "0-1"]
[WhiteElo "1369"]
[BlackElo "1551"]
[PlyCount "92"]
[EventDate "2000.??.??"]

1. f4 e6 2. d3 Be7 3. g3 c6 4. Be3 Nf6 5. h3 b6 6. Bg2 d5 7. Nf3 Na6 8. c3 O-O
9. O-O Nc5 10. Kh2 a5 11. Na3 Ba6 12. Nc2 Qc7 13. Bd2 Rad8 14. Qe1 Ncd7 15. Rc1
Bd6 16. Qf2 g6 17. b4 h5 18. Nh4 c5 19. a3 c4 20. Ne1 cxd3 21. exd3 Nh7 22. Rg1
Qb8 23. c4 dxc4 24. dxc4 axb4 25. Bxb4 Nc5 26. Qb2 Bxf4 27. gxf4 Qxf4+ 28. Kh1
Qxh4 29. Qc2 Bb7 30. Bxb7 Qxh3+ 31. Qh2 Qxh2+ 32. Kxh2 Nxb7 33. Bxf8 Kxf8 34.
Rb1 Rd6 35. Nf3 Nf6 36. Ne5 Na5 37. Rb5 Nc6 38. Nxg6+ fxg6 39. Rxg6 Ng4+ 40.
Kg1 Nce5 41. Rxg4 Nxg4 42. Rxh5 Rd1+ 43. Kg2 Ne3+ 44. Kf3 Nxc4 45. Rb5 Rd3+ 46.
Ke2 Rxa3 0-1

[Event "32.Gold-Cup"]
[Site "Meran"]
[Date "2000.01.01"]
[Round "9"]
[White "Gestrich, Wolfgang"]
[Black "Wulf, Adalbert"]
[Result "0-1"]
[WhiteElo "1413"]
[BlackElo "2007"]
[PlyCount "120"]
[EventDate "2000.??.??"]

1. c4 e6 2. Nc3 f5 3. g3 Nf6 4. Bg2 c6 5. d3 Be7 6. Nf3 O-O 7. O-O d6 8. b4 Bd7
9. a3 Na6 10. d4 Ne4 11. Nxe4 fxe4 12. Nd2 d5 13. e3 Nc7 14. c5 Qe8 15. f4 a5
16. Bb2 a4 17. Rf2 Kh8 18. Qe2 Qg6 19. g4 Bh4 20. Rff1 h6 21. Bh3 Rf7 22. Qg2
Raf8 23. Kh1 Qf6 24. Rg1 Qg6 25. Raf1 Kh7 26. Bc3 Nb5 27. Bb2 Rf6 28. Nb1 Qf7
29. Nc3 Nxc3 30. Bxc3 Rg6 31. Be1 Bd8 32. Qe2 Qe8 33. Qc2 b5 34. Qe2 Bc7 35.
Bg3 Rgf6 36. Bh4 Rg6 37. Bg3 Bd8 38. Be1 Be7 39. Bg3 Qc8 40. Be1 Qd8 41. Qf2
Rgf6 42. Qg2 g5 43. fxg5 Rxf1 44. Rxf1 Bxg5 45. Bd2 Rf6 46. Rxf6 Qxf6 47. Qf1
Kg7 48. Qxf6+ Kxf6 49. Bg2 e5 50. dxe5+ Kxe5 51. Kg1 Bxg4 52. Kf2 Bh4+ 53. Kf1
h5 54. Be1 Bg5 55. Bf2 Ke6 56. h3 Bf5 57. Ke1 Bf6 58. Kd2 Bb2 59. Kc2 Bf6 60.
Kc1 Bg5 0-1